Použitie segmentačných premenných
Segmentácia trhu - rozdelenie trhu na časti. Pojem: segmentačné premenné. Merateľné a nemerateľné všeobecné premenné. Výsledky prieskumu zameraného na zisťovanie zvyklostí súvisiacich s telefonovaním. Segmentácia ako prostriedok k lepšiemu poznaniu spotrebiteľov.
Gespeichert in:
| 1. Verfasser: | |
|---|---|
| Format: | Buchkapitel |
| Sprache: | Slowakisch |
| Schlagworte: | |
| Tags: |
Keine Tags, Fügen Sie das erste Tag hinzu!
|
MARC
| LEADER | 00000naa$a2200000$$$4500 | ||
|---|---|---|---|
| 001 | 0027247 | ||
| 005 | 20240502071428.2 | ||
| 041 | 0 | |a slo | |
| 044 | |a SK | ||
| 245 | 1 | 0 | |a Použitie segmentačných premenných |c Dana Vokounová |
| 520 | |a Segmentácia trhu - rozdelenie trhu na časti. Pojem: segmentačné premenné. Merateľné a nemerateľné všeobecné premenné. Výsledky prieskumu zameraného na zisťovanie zvyklostí súvisiacich s telefonovaním. Segmentácia ako prostriedok k lepšiemu poznaniu spotrebiteľov. | ||
| 610 | 2 | 0 | |a segmentácia trhu |
| 610 | 2 | 0 | |a spotrebitelia |
| 610 | 2 | 0 | |a prieskum spotrebiteľský |
| 610 | 2 | 0 | |a demografia |
| 610 | 2 | 0 | |a geografia |
| 610 | 2 | 0 | |a kultúra |
| 610 | 2 | 0 | |a nákup |
| 100 | 1 | |a Vokounová, Dana, 1962- | |